Stolice Państw Bałkańskich - Statystyki

Ogólne statystyki
  • Ten quiz został rozwiązany 94 razy
  • Średni wynik to 8 z 9
Statystyki odpowiedzi
Państwo Stolica % Poprawnych
Grecja Ateny
100%
Chorwacja (dalmatyńska część) Zagrzeb
95%
Bułgaria Sofia
93%
Serbia Belgrad
89%
Bośnia i Hercegowina Sarajewo
89%
Macedonia Północna Skopje
86%
Albania Tirana
86%
Czarnogóra Podgorica
84%
Kosowo Prisztina
75%
Nie znaleziono quizów pasujących do podanych kryteriów
Rozkład punktacji
Procent ludzi z każdym wynikiem
Percentyl według liczby udzielonych odpowiedzi
Twoja historia wyników
Nie rozwiązałeś tego quizu